Материальное стимулирование, научно-технический прогресс и эффективность производства. Анализ взаимосвязей

গ্রন্থ-পঞ্জীর বিবরন
প্রধান লেখক: Крылов Э. И. Эдуард Иванович
ভাষা:রুশ
প্রকাশিত: Ленинград, Изд-во ЛГУ, 1983
বিষয়গুলি:
বিন্যাস: MixedMaterials গ্রন্থ
KOHA link:https://koha.lib.tpu.ru/cgi-bin/koha/opac-detail.pl?biblionumber=289820

MARC

LEADER 00000nam0a2200000 4500
001 289820
005 20231031235735.0
020 |a RU  |b 83-69794 
035 |a (RuTPU)RU\TPU\book\314339 
090 |a 289820 
100 |a 20150402d1983 k y0rusy5003 ca 
101 0 |a rus 
102 |a RU 
105 |a y z 001zy 
200 1 |a Материальное стимулирование, научно-технический прогресс и эффективность производства. Анализ взаимосвязей  |f Э. И. Крылов 
210 |a Ленинград  |c Изд-во ЛГУ  |d 1983 
215 |a 111 с. 
320 |a Библиогр. в примеч. 
606 1 |a Промышленные предприятия  |x Фонды заработной платы  |2 stltpush  |3 (RuTPU)RU\TPU\subj\52715 
610 1 |a экономическое стимулирование 
610 1 |a экономическая эффективность 
610 1 |a новая техника 
610 1 |a технологии 
610 1 |a внедрение 
610 1 |a материальное стимулирование 
610 1 |a научно-технический прогресс 
675 |a 658.323.8  |z rus 
700 1 |a Крылов  |b Э. И.  |g Эдуард Иванович  |4 070 
801 0 |a RU  |b RuMRKP  |c 19950704  |g psbo 
801 1 |a RU  |b 63413507  |c 20150402 
801 2 |a RU  |b 63413507  |c 20160905  |g RCR 
942 |c BK